Either or, but Which? IV Quiz Stats

 Plays Quiz Updated Sep 21, 2018

Score 0/20 Timer 04:00
3 Plays Today
Question Answer Wrong Answers
An animal hunted for food prey
95%
pray
1.4%
A mock attack, or movement feint
94.3%
faint
4%
A lever, operated by the foot pedal
93.6%
peddle
3%
Formal, or authorised official
93.5%
officious
3.1%
A narrow sea-channel strait
93.1%
straight
2.6%
To demolish completely raze
92.6%
raise
3.5%
A measurement for a quantity of paper quire
92.4%
choir
3.8%
Healthy, or robust hale
89.2%
hail
7.2%
To scatter seed sow
88.7%
sew
7.1%
A unit of fineness for gold carat
88.4%
carrot
8.4%
Totally absorbed, or engrossed rapt
87.4%
rapped
8.6%
To row a boat scull
87.3%
skull
8.6%
Unusual, or out of the ordinary unwonted
85.8%
unwanted
14.1%
Drab, or shabby dingy
85.7%
dinghy
11.3%
To check, or hold back curb
85.3%
kerb
11%
Unceasing, without break continuous
84%
continual
14.9%
Infected by bacteria septic
82.1%
sceptic
13.8%
Of it (possessive) its
72.6%
it's
25.4%
Beyond belief or understanding incredible
72%
incredulous
27.7%
A strip of wood lath
52.7%
lathe
44.7%

You're not logged in!

Compare scores with friends on all Sporcle quizzes.
OR
Log In

Sporcle TV

Today on Sporcle TV


Watch our educational content, quiz creation guides, and fun videos on Sporcle TV.

Show Comments

Extras

Top Quizzes Today


Score Distribution

Your Account Isn't Verified!

In order to create a playlist on Sporcle, you need to verify the email address you used during registration. Go to your Sporcle Settings to finish the process.

Report this User

Report this user for behavior that violates our Community Guidelines.

Details: